| 000 | 00000nas##2200000za#4500 |
| 001 | 9.504235 |
| 003 | CaOODSP |
| 005 | 20200325124022 |
| 007 | cr ||||||||||| |
| 008 | 150406c2005||||xxc|| p o||||f| |0fre|d |
| 040 | |aCaOODSP|bfre |
| 043 | |an-cn--- |
| 086 | 1 |aR12-24F-PDF |
| 110 | 1 |aCanada.|bAffaires indiennes et du Nord. |bRégion des Territoires du Nord-Ouest. |
| 245 | 10|aQue se passe-t-il à Colomac? |h[ressource électronique] |
| 260 | |aYellowknife - Territoires du Nord-Ouest : |bAffaires indiennes et du Nord. |
| 310 | |aAnnuel |
| 362 | 1 |aHiver 2005-- |
| 691 | 07|aGestion de site|2gcpds |
| 691 | 07|aPollution|2gcpds |
| 775 | 08|tWhat's happening at Colomac? |w(CaOODSP)9.507857 |
| 776 | 0#|tQue se passe-t-il à Colomac? |w(CaOODSP)9.513864 |